Home Print Resources E-Books E-Journals IIMT Lecture Series Library Membership Form Book Recommendation Form Campus Tour Take AdmissionAbout Us Contact Us

ORGANIZATIONAL BEHAVIOUR (Record no. 2647)

000 -LEADER
fixed length control field 00357nam a2200157Ia 4500
003 - CONTROL NUMBER IDENTIFIER
control field OSt
005 - DATE AND TIME OF LATEST TRANSACTION
control field 20240207111035.0
008 - FIXED-LENGTH DATA ELEMENTS--GENERAL INFORMATION
fixed length control field 170524s9999 xx 000 0 und d
020 ## - INTERNATIONAL STANDARD BOOK NUMBER
International Standard Book Number 978-8190736459
040 ## - CATALOGING SOURCE
Transcribing agency IIMT UNIVERSITY
100 ## - MAIN ENTRY--PERSONAL NAME
Personal name MISRA ANURANJAN
100 ## - MAIN ENTRY--PERSONAL NAME
Titles and words associated with a name 2009
245 #0 - TITLE STATEMENT
Title ORGANIZATIONAL BEHAVIOUR
260 ## - PUBLICATION, DISTRIBUTION, ETC.
Place of publication, distribution, etc. A B PUB
942 ## - ADDED ENTRY ELEMENTS (KOHA)
Source of classification or shelving scheme
Koha item type Book Bank
Holdings
Withdrawn status Lost status Source of classification or shelving scheme Damaged status Not for loan Home library Current library Date acquired Barcode Date last seen Uniform Resource Identifier Price effective from Koha item type Coded location qualifier Public note Total Checkouts Checked out Date last checked out
          IIMT University Central Library Meerut IIMT University Central Library Meerut 05/31/2017 01-B-20441 05/31/2017 MANAGEMENT 05/31/2017 Book Bank          
          IIMT University Central Library Meerut IIMT University Central Library Meerut 05/31/2017 01-B-20442 05/31/2017 MANAGEMENT 05/31/2017 Book Bank          
          IIMT University Central Library Meerut IIMT University Central Library Meerut 05/31/2017 01-B-20443 05/31/2017 MANAGEMENT 05/31/2017 Book Bank          
          IIMT University Central Library Meerut IIMT University Central Library Meerut 05/31/2017 01-B-20444 05/31/2017 MANAGEMENT 05/31/2017 Book Bank Dept. MBA      
          IIMT University Central Library Meerut IIMT University Central Library Meerut 05/31/2017 01-B-20445 02/22/2025 MANAGEMENT 05/31/2017 Book Bank     1 08/15/2025 02/22/2025
IIMT, Central Library. All Rights Reserved IIMT,UNIVERSITY © 2023
Implemented and Customised by I CLOUDE EMS
You Are OPAC Visitor No
free web counter

Powered by Koha